Поезд "Дружба" вновь готов тронуться по маршруту Москва-Пекин?; Высшее образование сегодня; № 4

Bibliografiset tiedot
Parent link:Высшее образование сегодня: научно-практический журнал.— , 2001-.— 1726-667X
№ 4.— 2002.— С. 52-53
Päätekijä: Гнездилова Ю.
Yhteenveto:Высшее образование в документах: Журнал в журнале
Kieli:venäjä
Julkaistu: 2002
Sarja:Мировые тенденции
Aiheet:
Aineistotyyppi: MixedMaterials Kirjan osa
KOHA link:https://koha.lib.tpu.ru/cgi-bin/koha/opac-detail.pl?biblionumber=383248

MARC

LEADER 00000naa2a2200000 4500
001 383248
005 20231101063108.0
035 |a (RuTPU)RU\TPU\prd\8699 
090 |a 383248 
100 |a 20021126a2002 k y0rusy50 ca 
101 0 |a rus 
102 |a RU 
200 1 |a Поезд "Дружба" вновь готов тронуться по маршруту Москва-Пекин?  |f Ю. Гнездилова 
225 1 |a Мировые тенденции 
300 |a Высшее образование в документах: Журнал в журнале 
461 1 |0 (RuTPU)RU\TPU\prd\1307  |x 1726-667X  |t Высшее образование сегодня  |o научно-практический журнал  |d 2001- 
463 1 |0 (RuTPU)RU\TPU\prd\4444  |t № 4  |v С. 52-53  |d 2002 
610 1 |a Китай 
610 1 |a образование 
610 1 |a студенты 
610 1 |a Россия 
700 1 |a Гнездилова  |b Ю. 
801 1 |a RU  |b 63413507  |c 20021126  |g PSBO 
801 2 |a RU  |b 63413507  |c 20140728  |g RCR 
942 |c BK